000 00944naa a2200241 4500
005 20090613140249.0
008 090613t xxu||||| |||| 00| 0 eng d
010 _aENG-93975
020 _a9788180545863
_c650.00
035 _aEN-77508
037 _bDBAD / PUB
040 _adpl
_bEnglish
082 _a657.42
100 _aMaheshwari, S.N.
245 _aAdvanced problems and solutions in cost accounting:
_cby S.N. Maheshwari
_bfor CA, ICWA, M.Com., and MBA, examinations /
250 _a20th enl. ed.
260 _aNew Delhi
_bSultan Chand
_c2009
270 _a23, Daryaganj
_bNew Delhi
_e110 002
_k23243183, 23247051
_l011-23266357
300 _avarious paging
_c23cm(pbk)
650 _aAccounting
942 _adpl
_cEN
_2ddc
_mMAH
_h657.42
999 _c27416
_d27416